000 00749nam a2200253 i 4500
001 14839
003 ES-MaACL
005 20250705090531.0
007 t|
008 990622s1999 sp ||||1| spa d
020 _a84-88119-70-4
080 _a347.627.3(460)
080 _a308-055.2(460)
100 1 _aGonzález Duro, E.,
_d1939-
_958607
245 1 0 _aMujeres separadas /
_cEnrique González Duro.
260 _aMadrid :
_bTalasa,
_c[1999]
300 _a230 p. ;
_c21 cm.
490 1 _aHablan las mujeres ;
_v17
650 1 4 _aDivorcio-
_zEspaña.
_911957
650 1 4 _aMujeres separadas-
_zEspaña.
_915349
830 0 _aHablan las mujeres ;
_v17
_9193596
852 _aES-MaACL
_jL-22054
_bR.127440
999 _c14839
_d14839